000 00761nam a2200181 a 4500
001 000023284
005 20200930022119.0
008 101201s1994 ec ad r 000 0 spa d
040 _aDO-SdBNP
_bspa
_cBNPHU
082 _axxxxx
_bS471p
111 1 _aSeminario internacional organizado por la Corporación de Estudios para el Desarrollo (CORDES) y el Fondo de inversión Social de Emergencia FISE,
_cQuito,
_d10-12 de octubre 1994
_947950
245 1 0 _aPolíticas sociales y pobreza.
260 _aQuito, Ecuador :
_bCorporación de Estudios para el Desarrollo (CORDES),
_c1994.
300 _a226 p. :
_bil., diag. ;
_c21 cm.
500 _aIncluye notas al pie de las páginas.
710 1 _aFondo de inversión Social de Emergencia (FISE)
_947951
049 _aBNGR
999 _c22781
_d22781